The realities of teachers' work : never a dull moment /

Na minha lista:
Detalhes bibliográficos
Autor principal: Acker, Sandra.
Formato: Livro
Idioma:English
Publicado em: London : Cassell, 1999.
Assuntos:
Tags: Adicionar Tag
Sem tags, seja o primeiro a adicionar uma tag!
Thư viện lưu trữ: Mạng thư viện Đại học Đà Nẵng
LEADER 00853cam a2200337 i 4500
001 000045399
003 4575
005 20030227111105.0
008 010319|1999 vm 000 eng
020 |a 0304326690 
040 |a IRC  |c IRC  |d IRC 
041 0 |a eng 
082 1 4 |a 372.11  |b AC-S 
100 1 |a Acker, Sandra. 
245 0 4 |a The realities of teachers' work :  |b never a dull moment /  |c Sandra Acker. 
260 |a London :  |b Cassell,  |c 1999. 
300 |a xiii, 242p. 
630 0 4 |a Education. 
630 0 4 |a Primary Education. 
630 0 4 |a Primary school teachers. 
650 0 4 |a Primary school teachers. 
OWN |a DUT 
999 |a From the UDN01 
TYP |a Monograph 
TYP |a Printed language 
980 |a Mạng thư viện Đại học Đà Nẵng